Normal view
MARC view
- Joshi, Prateek
Entry Corporate Name
001 - CONTROL NUMBER
- control field: 113909
003 - CONTROL NUMBER IDENTIFIER
- control field: NUST
005 - DATE AND TIME OF LATEST TRANSACTION
- control field: 20230802161308.0
008 - FIXED-LENGTH DATA ELEMENTS
- fixed length control field: 230802|| aca||aabn | a|a d
040 ## - CATALOGING SOURCE
- Original cataloging agency: NUST
- Transcribing agency: NUST
110 ## - HEADING--CORPORATE NAME
- Corporate name or jurisdiction name as entry element: Joshi, Prateek
670 ## - SOURCE DATA FOUND
- Source citation: Work cat.: (NUST): Artasanchez, Alberto 113908, Artificial Intelligence with Python, 2020.
